000 00563cam a2200181 4500500
005 20251012023106.0
041 _afre
042 _adc
100 1 0 _aC. Tognide, Matthieu
_eauthor
700 1 0 _a Gualbert Ahyi, René
_eauthor
700 1 0 _a Agbede, E.
_eauthor
700 1 0 _a Ezin-Houngbe, Josiane
_eauthor
245 0 0 _aL’équipe de Psy Cause
260 _c2005.
500 _a79
786 0 _nPsy Cause | º42 | 4 | 2005-12-01 | p. 51-51 | 1245-2394
856 4 1 _uhttps://shs.cairn.info/revue-psy-cause-2005-4-page-51?lang=fr&redirect-ssocas=7080
999 _c1541195
_d1541195